000 00891nam a2200229Ia 4500
001 16728
003 GE_BSU
008 181216s||||||||xx |||||||||||||| ||und||
040 _cGE_BSU
080 _a82-93:821.161.1-32
100 _aერშოვი, იაკობ
245 _aვიტია კორობკოვი-პიონერი, პარტიზანი
245 _bმოთხრობა.უფრ. სასკოლო ასაკის ბავშვთათვის
245 _cმთარგმნ. გ. მოისწრაფიშვილი
260 _aბათუმი
260 _bსაბჭ. აჭარა
260 _c1975
300 _a267გვ. ; 21სმ
653 _aვიტია კორობკოვი-პიონერი, პარტიზანი
653 _aმოთხრობა
942 _cBK
999 _c49793
_d49793